[Event "III Dolnoslaska Liga Szachowa 2017/2018"]
[Site "Dolny Slask"]
[Date "1899-12-30"]
[Round "1.28"]
[White "Gromczak, Dariusz"]
[Black "Kurtyka, Barbara"]
[Result "1-0"]
[WhiteTitle "I+"]
[BlackTitle "I"]
[WhiteElo "1943"]
[BlackElo "1876"]

1. e4 c5 2. Nc3 Nc6 3. f4 g6 4. Nf3 Bg7 5. Bc4 Na5 6. Be2 d6 7. d4 cxd4 8. Nxd4
Nf6 9. Be3 Nc6 10. Qd2 Ng4 11. Bg1 Nxd4 12. Bxd4 Bxd4 13. Qxd4 O-O 14. h3 e5 15.
Qd3 Nh6 16. O-O-O exf4 17. Rhf1 g5 18. Qxd6 Qxd6 19. Rxd6 Kg7 20. Bc4 f5 21. e5
Nf7 22. Bxf7 Kxf7 23. h4 g4 24. Rxf4 Re8 25. Rc4 Rxe5 26. Rd8 Re8 27. Rc7+ Kf8
28. Rxe8+ Kxe8 29. Rxh7 Kf8 30. Rh8+ Kg7 31. Rd8 b6 32. g3 Kg6 33. Kd2 Bb7 34.
Rxa8 Bxa8 35. Ke3 Bc6 36. Kf4 b5 37. Ne2 b4 38. Ke5 Bf3 39. Nf4+ Kh6 40. Kxf5
a5 41. c4 bxc3 42. bxc3 a4 43. a3 Kg7 44. Nd3 Kh6 45. Ne5 Kh5 46. c4 Be2 47. c5
Bf3 48. Kf4 Be2 49. c6 Ba6 50. Nxg4 Bc4 51. Nf6+ Kg6 52. c7 Be6 53. Ne8 1-0

[Event "III Dolnoslaska Liga Szachowa 2017/2018"]
[Site "Dolny Slask"]
[Date "1899-12-30"]
[Round "1.29"]
[White "Rutkowski, Bartlomiej"]
[Black "Szablewski, Krzysztof"]
[Result "1-0"]
[WhiteTitle "II"]
[BlackTitle "II"]
[WhiteElo "1494"]
[BlackElo "1902"]

1. c4 e5 2. Nc3 Nf6 3. e4 Bb4 4. d3 h6 5. g3 d6 6. Bg2 Nc6 7. Nge2 Bg4 8. h3 Be6
9. O-O O-O 10. f4 Bc5+ 11. Kh2 Qe7 12. f5 Bd7 13. g4 Nd4 14. Ng3 Kh7 15. g5 Ng8
16. Nd5 Qd8 17. gxh6 gxh6 18. Nh5 Qh4 19. Qg4 Qxg4 20. hxg4 Rad8 21. g5 c6 22.
Ndf6+ Nxf6 23. gxf6 Rg8 24. Ng7 Nc2 25. Rf3 Rxg7 26. fxg7 Kxg7 27. Rb1 Rf8 28.
Bd2 b5 29. Rh3 bxc4 30. dxc4 d5 31. cxd5 cxd5 32. Rc1 dxe4 33. Bxe4 Rc8 34. Rxc2
Bg1+ 35. Kxg1 1-0

[Event "III Dolnoslaska Liga Szachowa 2017/2018"]
[Site "Dolny Slask"]
[Date "1899-12-30"]
[Round "2.1"]
[White "Sernecki, Franciszek"]
[Black "Dzikowski, Michal"]
[Result "1/2-1/2"]
[WhiteTitle "I+"]
[BlackTitle "k"]
[WhiteElo "2109"]
[BlackElo "2147"]

1. d4 Nf6 2. Nf3 e6 3. e3 d5 4. c4 a6 5. Nbd2 dxc4 6. Nxc4 c5 7. dxc5 Qxd1+ 8.
Kxd1 Bxc5 9. b4 Ba7 10. Nd6+ Ke7 11. Nxc8+ Rxc8 12. Bd3 Nd5 13. Bd2 Nd7 14. Rc1
Rxc1+ 15. Kxc1 N7f6 16. h3 Rd8 17. Kc2 b5 18. Rc1 Bb8 19. Nd4 Rc8+ 20. Kb3 Rxc1
21. Bxc1 Bd6 22. Bd2 Nb6 23. e4 Kd7 24. Be3 Bc7 25. a3 h6 26. Kc2 Ng8 27. Nb3
Na4 28. Bd4 e5 29. Bc5 Bd6 30. Be3 Ne7 31. g3 Bc7 32. Nc5+ Nxc5 33. Bxc5 Bd6 34.
Be3 Nc6 35. Kc3 Nd8 1/2-1/2

[Event "III Dolnoslaska Liga Szachowa 2017/2018"]
[Site "Dolny Slask"]
[Date "1899-12-30"]
[Round "2.2"]
[White "Pietraszko, Jakub"]
[Black "Holownia, Michal"]
[Result "1/2-1/2"]
[WhiteTitle "I"]
[BlackTitle "I+"]
[WhiteElo "1739"]
[BlackElo "1918"]

1. d4 Nf6 2. Nc3 d5 3. Bg5 Nbd7 4. Qd2 c5 5. dxc5 e6 6. e4 dxe4 7. O-O-O Be7 8.
Bxf6 Bxf6 9. Nxe4 O-O 10. Bb5 Ne5 11. Qxd8 Bxd8 12. h3 a6 13. Ba4 b5 14. cxb6
Bxb6 15. f3 Bb7 16. Ne2 Bxe4 17. fxe4 Rfd8 18. Bb3 Rac8 19. Kb1 Kf8 20. Rhf1 Ke7
21. Nc1 a5 22. Nd3 Nxd3 23. Rxd3 Rxd3 24. cxd3 Bd4 25. Bc4 1/2-1/2

[Event "III Dolnoslaska Liga Szachowa 2017/2018"]
[Site "Dolny Slask"]
[Date "1899-12-30"]
[Round "2.3"]
[White "Kawaler, Adam"]
[Black "Kulczycki, Krzysztof"]
[Result "1-0"]
[WhiteTitle "I"]
[BlackTitle "II"]
[WhiteElo "1843"]
[BlackElo "1725"]

1. d4 e6 2. c4 d5 3. Nf3 Nf6 4. e3 c5 5. Nc3 Nc6 6. a3 cxd4 7. exd4 dxc4 8. Bxc4
a6 9. O-O Be7 10. h3 b5 11. Bd3 Bb7 12. Be3 Nd5 13. Nxd5 Qxd5 14. Rc1 Rc8 15.
a4 Bf6 16. axb5 axb5 17. Rc5 Qd6 18. d5 exd5 19. Bf5 Rd8 20. Rxb5 Ba6 21. Bc5
Qf4 22. Re1+ Ne7 23. Bxe7 Bxe7 24. Rxd5 Qc7 25. Rxd8+ Qxd8 26. Qa4+ 1-0

[Event "III Dolnoslaska Liga Szachowa 2017/2018"]
[Site "Dolny Slask"]
[Date "1899-12-30"]
[Round "2.4"]
[White "Rutkowski, Bartlomiej"]
[Black "Szczuraszyk, Jaroslaw"]
[Result "0-1"]
[WhiteTitle "II"]
[BlackTitle "II+"]
[WhiteElo "1494"]
[BlackElo "1740"]

1. c4 e5 2. Nc3 f5 3. e4 d6 4. Nf3 Nf6 5. d3 Be7 6. Qb3 Nbd7 7. Bd2 Nc5 8. Qc2
a5 9. Be3 fxe4 10. dxe4 b6 11. h3 O-O 12. O-O-O Qe8 13. Bxc5 bxc5 14. Nd5 Bd8
15. Bd3 Nh5 16. Rhe1 c6 17. Nc3 Nf4 18. Bf1 Qg6 19. g3 Nxh3 20. Bxh3 Bxh3 21.
Nh4 Bxh4 22. gxh4 Rf6 23. Rd3 Bg4 24. Rg3 Raf8 25. Reg1 Rxf2 26. Qd3 h5 27. Kb1
Qh6 28. R1g2 R2f3 29. Rxf3 Rxf3 30. Qd2 Qxd2 31. Rxd2 Rf6 32. Kc2 Kf8 33. Kb3
Ke7 34. Ka4 Rf8 35. Kxa5 Rb8 36. b3 Kd7 37. Ka6 Kc7 38. Ka7 Rb7+ 39. Ka8 Rb6 40.
Ka7 Bc8 0-1

[Event "III Dolnoslaska Liga Szachowa 2017/2018"]
[Site "Dolny Slask"]
[Date "1899-12-30"]
[Round "2.5"]
[White "Frej, Zofia"]
[Black "Kurtyka, Barbara"]
[Result "1-0"]
[WhiteTitle "k"]
[BlackTitle "I"]
[WhiteElo "1865"]
[BlackElo "1876"]

1. d4 d5 2. Nf3 Nf6 3. e3 Bg4 4. c4 c6 5. Qb3 Qc8 6. Ne5 e6 7. Nd2 Nbd7 8. Nxg4
Nxg4 9. h3 Ngf6 10. Bd3 dxc4 11. Nxc4 Nd5 12. O-O N7b6 13. e4 Nxc4 14. Bxc4 Nb6
15. Bf4 Nxc4 16. Qxc4 Qd7 17. d5 cxd5 18. exd5 Rc8 19. Qd4 f6 20. Rac1 e5 21.
Bxe5 fxe5 22. Qxe5+ Kd8 23. Rxc8+ Kxc8 24. Rc1+ Kd8 25. Qb8+ Ke7 26. Rc7 g6 27.
Rxd7+ Kxd7 28. Qe5 1-0

[Event "III Dolnoslaska Liga Szachowa 2017/2018"]
[Site "Dolny Slask"]
[Date "1899-12-30"]
[Round "2.6"]
[White "Walentukiewicz, Michal"]
[Black "Cechura, Petr"]
[Result "0-1"]
[WhiteTitle "CM"]
[BlackTitle ""]
[WhiteElo "2011"]
[BlackElo "2172"]

1. e4 c5 2. Nc3 a6 3. a4 d6 4. g3 Nf6 5. Bg2 Nc6 6. d3 g6 7. Nge2 Bg7 8. O-O O-O
9. h3 Qc7 10. Be3 b6 11. g4 Bb7 12. g5 Nd7 13. Nd5 Qd8 14. c3 e6 15. Ndf4 b5 16.
d4 Na5 17. dxc5 dxc5 18. b3 c4 19. b4 Nb3 20. Ra2 Qc7 21. Qc2 Rfd8 22. axb5 axb5
23. Rxa8 Bxa8 24. Rd1 Nb6 25. Rxd8+ Qxd8 26. Qa2 Qd1+ 27. Kh2 Na4 28. Bf3 Qd8
29. Qc2 Qxg5 30. Qd1 Qe7 31. Qc2 f5 32. Nxe6 Qxe6 33. exf5 Qd6+ 34. Bf4 Be5 35.
Bxa8 Bxf4+ 36. Kg2 Be5 37. Qe4 gxf5 38. Qb7 Nb6 39. Qa6 Nxa8 40. Qxa8+ Qb8 41.
Qd5+ Kh8 42. Ng3 Bxc3 43. Qxf5 Bg7 44. Nh5 Nd4 45. Qd7 Qf8 46. Kf1 h6 47. Nxg7
Qxg7 48. Qe8+ Kh7 49. Qe4+ Kg8 50. Qe8+ Qf8 51. Qg6+ Kh8 52. Qe4 Qd6 53. Qa8+
Kg7 54. Qb7+ Kf6 55. Qc8 Nf5 56. Qh8+ Kf7 57. Qc8 Qd1+ 58. Kg2 Qd5+ 59. Kg1 Qd1+
60. Kg2 Qd5+ 61. Kg1 Kf6 62. Qh8+ Kg5 63. Qc3 Qd3 64. Qc1+ Kf6 0-1

[Event "III Dolnoslaska Liga Szachowa 2017/2018"]
[Site "Dolny Slask"]
[Date "1899-12-30"]
[Round "2.7"]
[White "Pyka, Roman"]
[Black "Bes, Michal"]
[Result "1/2-1/2"]
[WhiteTitle "I++"]
[BlackTitle "I"]
[WhiteElo "1957"]
[BlackElo "2090"]

1. d4 d5 2. Nf3 Nf6 3. c4 e6 4. Nc3 c5 5. cxd5 Nxd5 6. e4 Nxc3 7. bxc3 cxd4 8.
cxd4 Bb4+ 9. Bd2 Bxd2+ 10. Qxd2 O-O 11. Bc4 b6 12. O-O Bb7 13. Rfe1 Nd7 14. Rad1
Rc8 15. Bb3 Nf6 16. Ng5 Re8 17. f3 h6 18. Nh3 b5 19. Nf2 e5 20. dxe5 21. Qxd2
22. Rxd2 Rxe5 23. f4 Rec5 24. e5 Nd5 25. Nd3 R5c7 26. e6 fxe6 27. Rxe6 Kh7 28.
Bxd5 Bxd5 29. Rd6 Be4 30. Kf2 Rc2 31. Ne5 b4 32. g3 a5 33. Ke3 Rxd2 34. Rxd2 Rc2
35. Rxc2 Bxc2 36. Nc6 Bb1 37. Kd4 Bxa2 38. Nxa5 Be6 39. Nc6 b3 40. Kc3 Kg6 41.
Nd4 Bd5 42. Kb2 h5 43. Kc3 Kf6 44. h4 Kg6 45. Kb2 Kf6 46. Kc3 Bf7 47. Kb2 Bd5
1/2-1/2

[Event "III Dolnoslaska Liga Szachowa 2017/2018"]
[Site "Dolny Slask"]
[Date "1899-12-30"]
[Round "2.8"]
[White "Zombirt, Filip"]
[Black "Gromczak, Dariusz"]
[Result "1/2-1/2"]
[WhiteTitle "I+"]
[BlackTitle "I+"]
[WhiteElo "1929"]
[BlackElo "1943"]

1. d4 b5 2. a4 b4 3. a5 d5 4. c3 e6 5. cxb4 Bxb4+ 6. Nc3 c5 7. e3 Nf6 8. dxc5 O-O
9. Qa4 Bxc3+ 10. bxc3 Ne4 11. Qc2 Nxc5 12. Nf3 Qc7 13. Be2 Ba6 14. Bxa6 Nbxa6
15. O-O Ne4 16. Bb2 Rfc8 17. Rfc1 Rab8 18. Nd4 e5 19. Nf3 Qb7 20. Rab1 Nb4 21.
Qd1 Na2 22. Ba1 Qc7 23. Rxb8 Rxb8 24. Rb1 Naxc3 25. Rxb8+ Qxb8 26. Bxc3 Nxc3 27.
Qa1 d4 28. exd4 Ne2+ 29. Kf1 Nxd4 30. Nxd4 exd4 31. Ke2 Qe5+ 32. Kd3 Qf5+ 33.
Kc4 Qe6+ 34. Kd3 Qf5+ 35. Kc4 Qe6+ 36. Kd3 Qa6+ 37. Kd2 h5 38. Qa4 g6 39. Qe8+
Kg7 40. Qa4 Qf6 41. Ke2 Qe5+ 42. Kd2 Qf4+ 43. Ke1 Qc1+ 44. Ke2 Qb2+ 45. Kd3 Qxf2
46. Qxd4+ Qxd4+ 47. Kxd4 g5 48. Ke5 Kg6 49. a6 f6+ 50. Ke6 g4 51. g3 Kg5 52. Kd6
h4 53. Kc7 1/2-1/2

[Event "III Dolnoslaska Liga Szachowa 2017/2018"]
[Site "Dolny Slask"]
[Date "1899-12-30"]
[Round "2.9"]
[White "Olesko, Mariusz"]
[Black "Bienias, Piotr"]
[Result "1/2-1/2"]
[WhiteTitle "I"]
[BlackTitle "I++"]
[WhiteElo "1479"]
[BlackElo "1920"]

1. e4 c5 2. Nf3 Nc6 3. d4 cxd4 4. Nxd4 e5 5. Nb3 Nf6 6. Nc3 Bb4 7. Bd3 d5 8. exd5
Qxd5 9. O-O Bxc3 10. bxc3 e4 11. Bxe4 Qxd1 12. Rxd1 Nxe4 13. Re1 O-O 14. Rxe4
Bf5 15. Re2 Rfe8 16. Be3 Ne5 17. Nd4 Bd7 18. Rb1 b6 19. Nb5 Bxb5 20. Rxb5 Nc4
21. Kf1 Nxe3+ 22. Rxe3 Rxe3 23. fxe3 Rc8 24. Rb3 f6 25. Ke2 Kf7 26. Kd3 Ke6 27.
Rb4 f5 28. a4 Rc5 29. Rb5 Kd5 30. h4 Kc6 31. c4 a6 32. Rxc5+ bxc5 33. e4 Kd6 34.
exf5 Ke5 35. g4 Kf4 36. h5 h6 37. c3 a5 38. g5 Kxg5 39. Ke4 Kxh5 40. Kd5 Kg5 41.
Kxc5 h5 42. Kb6 h4 43. c5 h3 44. c6 h2 45. c7 h1=Q 46. c8=Q Qd5 47. c4 Qd2 48.
Qc6 Qd8+ 49. Kb5 Qd2 50. Qc5 Kf6 51. Kc6 Qb4 52. Qb5 Kg5 53. Kb6 Qd2 54. Ka6 Qd8
55. Qxa5 Qa8+ 56. Kb5 Qe8+ 57. Kc5 Qe5+ 58. Kb6 Qb8+ 59. Kc6 Qe8+ 60. Kb6 1/2-1/2

[Event "III Dolnoslaska Liga Szachowa 2017/2018"]
[Site "Dolny Slask"]
[Date "1899-12-30"]
[Round "2.11"]
[White "Klykow, Lukasz"]
[Black "Kmiecik, Wojciech"]
[Result "1-0"]
[WhiteTitle "k"]
[BlackTitle "I+"]
[WhiteElo "2181"]
[BlackElo "1957"]

1. e4 c5 2. Nf3 e6 3. d4 cxd4 4. Nxd4 a6 5. c4 Qc7 6. Nc3 Nf6 7. Bd3 Bb4 8. O-O
Nc6 9. Nxc6 bxc6 10. f4 e5 11. fxe5 Qxe5 12. Bf4 Qh5 13. e5 Qxd1 14. Raxd1 Nh5
15. Be3 g6 16. Ne4 O-O 17. c5 Ng7 18. Rf4 Ba5 19. Nf6+ Kh8 20. Rh4 h5 21. g4 Bd8
22. gxh5 Bxf6 23. exf6 Nxh5 24. Be2 d5 25. Bxh5 gxh5 26. Rxh5+ Kg8 27. Kf2 1-0

[Event "III Dolnoslaska Liga Szachowa 2017/2018"]
[Site "Dolny Slask"]
[Date "1899-12-30"]
[Round "2.12"]
[White "Maciejewski, Waldemar"]
[Black "Stelmaszuk, Maciej"]
[Result "1/2-1/2"]
[WhiteTitle "k"]
[BlackTitle "I"]
[WhiteElo "2078"]
[BlackElo "1929"]

1. c4 e5 2. Nc3 Nf6 3. g3 c6 4. Bg2 d5 5. cxd5 cxd5 6. Qb3 e4 7. d3 exd3 8. Nxd5
Nxd5 9. Bxd5 Bb4+ 10. Kf1 dxe2+ 11. Nxe2 O-O 12. Be3 Qe7 13. Kg2 Na6 14. Nc3 Nc7
15. Bf3 Be6 16. Qc2 Bxc3 17. bxc3 Bd5 18. Bxd5 Nxd5 19. Bd4 Rac8 20. Rhe1 Qd7
21. Rad1 Qc6 22. Qe4 Nxc3 23. Qxc6 Rxc6 24. Bxc3 Rxc3 25. Rd7 Rc2 26. Rxb7 Rxa2
27. Ree7 g6 28. Rxa7 Rxa7 29. Rxa7 Rb8 30. Re7 Kf8 1/2-1/2

[Event "III Dolnoslaska Liga Szachowa 2017/2018"]
[Site "Dolny Slask"]
[Date "1899-12-30"]
[Round "2.13"]
[White "Wrobel, Maciej"]
[Black "Jurkowski, Marcin"]
[Result "1/2-1/2"]
[WhiteTitle "I+"]
[BlackTitle "I"]
[WhiteElo "1974"]
[BlackElo "2017"]

1. e4 c5 2. Nf3 d6 3. d4 cxd4 4. Nxd4 Nf6 5. Nc3 a6 6. h3 e5 7. Nde2 Be7 8. g4
Be6 9. Bg2 Nc6 10. Nd5 Bxd5 11. exd5 Nb8 12. O-O O-O 13. Ng3 Ne8 14. Be3 Nd7 15.
Qd2 g6 16. Bh6 Ng7 17. Kh2 Rc8 18. c3 Nc5 19. Rg1 b5 20. Bf3 Kh8 21. Rg2 Rg8 22.
Rag1 Bh4 23. Ne4 Nxe4 24. Bxe4 Be7 25. f4 exf4 26. Qxf4 Bf6 27. Kh1 Be5 28. Qf2
Qe7 29. Bd3 Rc5 30. Rf1 Rc7 31. Re1 Qd8 32. Bf4 f6 33. Be3 Rf7 34. Bxg6 hxg6 35.
Qh4+ Nh5 36. gxh5 Rh7 37. Reg1 g5 38. Qg4 Qe8 39. Bd4 Qxh5 40. Bxe5 fxe5 41. Qxh5
Rxh5 42. Kh2 Kh7 43. Rf1 g4 44. Rf7+ Kg6 45. Rf3 Kh7 46. Rf7+ Kg6 47. Rf3 Kh7
1/2-1/2

[Event "III Dolnoslaska Liga Szachowa 2017/2018"]
[Site "Dolny Slask"]
[Date "1899-12-30"]
[Round "2.14"]
[White "Guziewicz, Wojciech"]
[Black "Rura, Mikolaj"]
[Result "1-0"]
[WhiteTitle "I"]
[BlackTitle "I"]
[WhiteElo "1792"]
[BlackElo "1624"]

1. f4 Nf6 2. Nc3 d5 3. d4 g6 4. Nf3 Bg7 5. e3 O-O 6. Bd3 Nc6 7. a3 b6 8. Bd2 Bb7
9. Qe2 e6 10. Ne5 Ne7 11. Ba6 Bc8 12. Bxc8 Nxc8 13. O-O-O c5 14. g4 Nd6 15. h4
Nfe4 16. Nxe4 Nxe4 17. Rdg1 f6 18. Nf3 c4 19. h5 Kf7 20. g5 Qc7 21. c3 a5 22.
gxf6 Bxf6 23. hxg6+ hxg6 24. Rh7+ Bg7 25. Qg2 Rg8 26. Qxg6+ Kf8 27. Qxe6 Qe7 28.
Qxe7+ Kxe7 29. Rhxg7+ Rxg7 30. Rxg7+ Kf6 31. Rg1 b5 32. Ne5 Nxd2 33. Kxd2 b4 34.
axb4 axb4 35. cxb4 Ra2 36. Kc2 Ra4 37. b5 Rb4 38. b6 Ke7 39. Nc6+ Kd7 40. Nxb4
Kc8 41. Rg7 Kb8 42. Nc6+ Kc8 43. b7# 1-0

[Event "III Dolnoslaska Liga Szachowa 2017/2018"]
[Site "Dolny Slask"]
[Date "1899-12-30"]
[Round "2.15"]
[White "Miarecka, Natalia"]
[Black "Kmiecik, Emilia"]
[Result "0-1"]
[WhiteTitle "II"]
[BlackTitle "I+"]
[WhiteElo "1002"]
[BlackElo "1797"]

1. e4 c5 2. d4 cxd4 3. c3 dxc3 4. Nxc3 Nc6 5. Nf3 d6 6. h3 Nf6 7. Bc4 e6 8. O-O
Be7 9. Bg5 O-O 10. Qe2 a6 11. a4 Qc7 12. b3 Na5 13. Rab1 Bd7 14. Rfd1 Rac8 15.
Na2 Nxc4 16. Qxc4 Qxc4 17. bxc4 Bxa4 18. Rdc1 Bc6 19. Bxf6 Bxf6 20. Nd2 Bg5 21.
Rd1 Bxd2 22. Rxd2 Bxe4 23. Rb4 Bc6 24. Rxd6 Rfd8 25. c5 Rxd6 26. cxd6 Rd8 27.
Rd4 Bd5 28. Nc3 Rxd6 29. Ne4 Rc6 30. Kf1 Kf8 31. Ng3 b5 32. f3 a5 33. Ke1 Rc4
34. Rd2 a4 35. Ne2 b4 36. Kd1 Ke7 37. Nd4 a3 38. Nc2 a2 39. Na1 Rc3 40. Rc2 Rxc2
41. Kxc2 Kd6 42. Kd3 Kc5 43. Nc2 Bc4+ 44. Ke4 b3 45. Na1 b2 46. Nc2 b1=Q 47. Ke5
f6+ 48. Kf4 Qxc2 49. g4 g5+ 50. Kg3 a1=Q 51. f4 Qa3# 0-1

[Event "III Dolnoslaska Liga Szachowa 2017/2018"]
[Site "Dolny Slask"]
[Date "1899-12-30"]
[Round "2.16"]
[White "Dowgird, Filip"]
[Black "Kossobudzki, Robert"]
[Result "1/2-1/2"]
[WhiteTitle "k"]
[BlackTitle "I"]
[WhiteElo "2259"]
[BlackElo "2103"]

1. Nf3 b5 2. e4 Bb7 3. Bxb5 Bxe4 4. Nc3 Bb7 5. d4 Nf6 6. O-O e6 7. Bg5 Be7 8. Qd3
O-O 9. Rfe1 d6 10. Bxf6 Bxf6 11. Ne4 c6 12. Ba4 Be7 13. c4 Nd7 14. Bc2 g6 15.
h4 c5 16. h5 cxd4 17. hxg6 hxg6 18. Nxd4 Nc5 19. Qg3 Bxe4 20. Bxe4 Nxe4 21. Rxe4
Bf6 22. Rd1 Be5 23. Nxe6 Bxg3 24. Nxd8 Be5 25. Nc6 Bxb2 26. Rxd6 Kg7 27. Rd7 a6
28. Kf1 Rac8 29. Nb4 a5 30. Nd3 Bc3 31. c5 Rc6 32. g4 g5 33. Rc4 Bf6 34. a4 Rb8
35. Rd6 Rbc8 36. Rxc6 Rxc6 37. Nc1 Bd8 38. Nb3 Kf6 39. Nd4 Rc8 40. Ke2 Ke5 41.
Kd3 Kd5 42. Nb3 Bc7 43. Nd4 Be5 44. c6 Bc7 45. f3 Bb6 46. Nf5 Bc5 47. Nd4 Bb6
1/2-1/2

[Event "III Dolnoslaska Liga Szachowa 2017/2018"]
[Site "Dolny Slask"]
[Date "1899-12-30"]
[Round "2.17"]
[White "Grzesik, Norbert"]
[Black "Kwiecinski, Marian"]
[Result "1/2-1/2"]
[WhiteTitle "I+"]
[BlackTitle "k"]
[WhiteElo "1989"]
[BlackElo "2177"]

1. e4 c5 2. Nf3 d6 3. d4 cxd4 4. Nxd4 Nf6 5. Nc3 g6 6. f3 Bg7 7. Be3 Nc6 8. Qd2
Bd7 9. g4 h5 10. g5 Nh7 11. O-O-O Nf8 12. Bc4 Qc8 13. f4 Ne6 14. Bxe6 Bxe6 15.
Nd5 Bxd5 16. exd5 Nxd4 17. Bxd4 Bxd4 18. Qxd4 O-O 19. Rhe1 Re8 20. Rd3 Qf5 21.
Qe4 Qxe4 22. Rxe4 Rac8 23. Kd2 Rc5 24. b4 Rc7 25. Rc3 Rec8 26. Rxc7 Rxc7 27. Kd3
Kf8 28. c4 Ke8 29. Kd4 b6 30. Re3 Kd7 31. a3 e6 32. Re2 Rc8 33. Re3 a6 34. Re2
Rb8 35. Rc2 Rc8 36. Rc3 1/2-1/2

[Event "III Dolnoslaska Liga Szachowa 2017/2018"]
[Site "Dolny Slask"]
[Date "1899-12-30"]
[Round "2.18"]
[White "Helaszek, Edward"]
[Black "Krosny, Miroslaw"]
[Result "1-0"]
[WhiteTitle "k"]
[BlackTitle "I"]
[WhiteElo "1996"]
[BlackElo "1983"]

1. e4 e5 2. Nf3 Nc6 3. Bb5 a6 4. Ba4 Nf6 5. d3 b5 6. Bb3 Be7 7. c3 O-O 8. O-O d6
9. h3 Bb7 10. Re1 Na5 11. Bc2 c5 12. Nbd2 Nc6 13. Nf1 Rc8 14. Ng3 g6 15. Bh6 Re8
16. Qd2 Qc7 17. a3 d5 18. exd5 Nxd5 19. Ne4 Rcd8 20. Rad1 f6 21. b4 c4 22. d4
f5 23. Nc5 Bxc5 24. bxc5 e4 25. Ng5 Nb8 26. a4 Nd7 27. axb5 axb5 28. Rb1 Qc6 29.
Re2 N7f6 30. Rbe1 Nd7 31. Nxe4 fxe4 32. Bxe4 N7f6 33. Bf3 Rxe2 34. Rxe2 Rc8 35.
Re5 Re8 36. Qg5 Rxe5 37. dxe5 Nd7 38. Qg3 Kf7 39. Bg4 Nxc5 40. Qh4 Nd7 41. Qd8
Qc8 42. e6# 1-0

[Event "III Dolnoslaska Liga Szachowa 2017/2018"]
[Site "Dolny Slask"]
[Date "1899-12-30"]
[Round "2.19"]
[White "Paprocki, Artur"]
[Black "Korosciel, Aneta"]
[Result "0-1"]
[WhiteTitle "I"]
[BlackTitle "m"]
[WhiteElo "1871"]
[BlackElo "1993"]

1. d4 Nf6 2. Nf3 e6 3. c4 b6 4. g3 Ba6 5. b3 Bb4+ 6. Bd2 Be7 7. Bg2 c6 8. O-O O-O
9. Nc3 d5 10. Ne5 Nfd7 11. Nxd7 Nxd7 12. Re1 Rc8 13. cxd5 cxd5 14. Rc1 Nf6 15.
Nb1 Qd7 16. Bc3 Ne4 17. Bxe4 dxe4 18. Qd2 Qb5 19. e3 Rfd8 20. Qb2 Qd5 21. Bd2
h5 22. Rxc8 Bxc8 23. Nc3 Qf5 24. Qc2 Bb7 25. Qd1 b5 26. Qe2 a6 27. Nb1 e5 28.
Bc3 exd4 29. exd4 Qd5 30. Bb2 e3 31. f3 Bg5 32. Rf1 b4 33. Kg2 Bc6 34. Rc1 Bb5
35. Qc2 e2 36. Re1 Re8 37. Nd2 Re3 38. Ne4 Qf5 0-1

[Event "III Dolnoslaska Liga Szachowa 2017/2018"]
[Site "Dolny Slask"]
[Date "1899-12-30"]
[Round "2.20"]
[White "Ogonowska, Katarzyna"]
[Black "Skiba, Aleksandra"]
[Result "1/2-1/2"]
[WhiteTitle "I++"]
[BlackTitle "I+"]
[WhiteElo "1847"]
[BlackElo "1747"]

1. g3 Nf6 2. Bg2 g6 3. e3 Bg7 4. Ne2 O-O 5. O-O d6 6. d4 e5 7. c4 c6 8. Nbc3 Nbd7
9. b3 Re8 10. Ba3 Bf8 11. Bb2 Bg7 12. Ba3 Bf8 13. Bb2 Bg7 14. Ba3 Bf8 15. Bb2
Bg7 16. Ba3 1/2-1/2

[Event "III Dolnoslaska Liga Szachowa 2017/2018"]
[Site "Dolny Slask"]
[Date "1899-12-30"]
[Round "2.21"]
[White "Zeberski, Jakub"]
[Black "Grela, Kacper"]
[Result "1-0"]
[WhiteTitle "IM"]
[BlackTitle "FM"]
[WhiteElo "2323"]
[BlackElo "2274"]

1. e4 c5 2. Nf3 Nc6 3. Bb5 Nf6 4. Bxc6 dxc6 5. d3 Bg4 6. h3 Bh5 7. Nc3 Nd7 8. g4
Bg6 9. Bf4 e6 10. Qe2 b5 11. Bg3 Be7 12. O-O h5 13. Rad1 Qc8 14. e5 Nb6 15. Ne4
hxg4 16. hxg4 Qd7 17. Nd6+ Bxd6 18. exd6 f6 19. c4 O-O-O 20. Qe3 e5 21. Qxc5 Na4
22. Qe3 Nxb2 23. Rd2 Nxd3 24. cxb5 c5 25. Rxd3 Bxd3 26. Qxd3 Qxg4 27. Qd5 Kb8
28. Rc1 Qd7 29. Rd1 Qb7 30. Nh4 Rd7 31. Nf5 Rhd8 32. Qxc5 Qf3 33. Qc2 Rh8 34.
Nh4 Qg4 35. Rc1 g5 36. Ng6 Rhd8 37. Ne7 Rh8 38. Qc6 Qe6 39. b6 Qxd6 40. bxa7+
Kxa7 41. Qa4+ Kb7 42. Rb1+ Kc7 43. Qa5+ 1-0

[Event "III Dolnoslaska Liga Szachowa 2017/2018"]
[Site "Dolny Slask"]
[Date "1899-12-30"]
[Round "2.22"]
[White "Krawiec, Grzegorz"]
[Black "Marko, Piotr"]
[Result "0-1"]
[WhiteTitle "I"]
[BlackTitle "I"]
[WhiteElo "1714"]
[BlackElo "1819"]

1. e4 e5 2. Nf3 Nc6 3. Nc3 Nf6 4. d4 exd4 5. Nxd4 Bb4 6. Nxc6 bxc6 7. Bd3 d5 8.
exd5 cxd5 9. O-O O-O 10. Bg5 c6 11. Na4 h6 12. Bh4 Rb8 13. c4 Be7 14. cxd5 Nxd5
15. Bxe7 Qxe7 16. Rc1 Rd8 17. Qf3 Rb4 18. b3 Rf4 19. Qg3 Rg4 20. Qf3 Nf4 21. Nc5
Rxg2+ 22. Kh1 Qh4 23. Qxf4 Qxf4 24. Kxg2 Bh3+ 25. Kxh3 Qf3+ 26. Kh4 g5# 0-1

[Event "III Dolnoslaska Liga Szachowa 2017/2018"]
[Site "Dolny Slask"]
[Date "1899-12-30"]
[Round "2.23"]
[White "Kawalko, Adam"]
[Black "Lewandowski, Wiktor"]
[Result "1/2-1/2"]
[WhiteTitle "I"]
[BlackTitle "II"]
[WhiteElo "1771"]
[BlackElo "1490"]

1. e4 c5 2. Nf3 e6 3. d4 cxd4 4. Nxd4 Nc6 5. Nc3 Qc7 6. Be2 a6 7. O-O Nf6 8. Kh1
Bb4 9. f3 O-O 10. Bg5 Be7 11. f4 d6 12. f5 Nxd4 13. Qxd4 exf5 14. exf5 b5 15.
Rad1 Bb7 16. Bf3 Rfd8 17. Bxb7 Qxb7 18. Rfe1 Rac8 19. Re3 Kf8 20. Rd2 Re8 21.
Ree2 Qd7 22. Qd3 Kg8 23. Bxf6 Bxf6 24. Nd5 Rxe2 25. Nxf6+ gxf6 26. Rxe2 Re8 27.
Rxe8+ Qxe8 28. Qg3+ Kh8 29. Qc3 Kg7 1/2-1/2

[Event "III Dolnoslaska Liga Szachowa 2017/2018"]
[Site "Dolny Slask"]
[Date "1899-12-30"]
[Round "2.24"]
[White "Malecki, Mateusz"]
[Black "Dytman, Radoslaw"]
[Result "0-1"]
[WhiteTitle "II"]
[BlackTitle "I"]
[WhiteElo "1598"]
[BlackElo "1681"]

1. e4 e5 2. Nf3 Nc6 3. Bc4 Bc5 4. c3 Nf6 5. d4 exd4 6. e5 d5 7. Bb5 Ne4 8. cxd4
Bb4+ 9. Bd2 Bxd2+ 10. Nbxd2 O-O 11. h3 f6 12. O-O fxe5 13. Bxc6 Nxd2 14. Qxd2
e4 15. Ne5 bxc6 16. Nxc6 Qd6 17. Qc3 Bxh3 18. Qxh3 Qxc6 19. Rac1 Qb6 20. Rc5 Rad8
21. Qc3 Rd7 22. Rc1 Qf6 23. Rc2 Rff7 24. Rc6 Qf4 25. Qa3 Rde7 26. Qe3 Qg4 27.
Qe2 Qf5 28. Ra6 h5 29. Rxa7 h4 30. Ra3 g5 31. Qh5 Rh7 32. Qe2 g4 33. g3 e3 34.
Rxe3 Rxe3 35. fxe3 hxg3 36. Qg2 Rh2 37. Qxh2 gxh2+ 0-1

[Event "III Dolnoslaska Liga Szachowa 2017/2018"]
[Site "Dolny Slask"]
[Date "1899-12-30"]
[Round "2.25"]
[White "Rogacka, Natalia"]
[Black "Karykowska, Anna"]
[Result "1/2-1/2"]
[WhiteTitle "I"]
[BlackTitle "I++"]
[WhiteElo "1558"]
[BlackElo "1927"]

1. e4 c5 2. Nf3 a6 3. c3 e6 4. d4 d5 5. exd5 Qxd5 6. Be3 cxd4 7. cxd4 Nf6 8. Nc3
Qa5 9. Be2 Be7 10. O-O O-O 11. Qc2 b5 12. Ne5 Bb7 13. Bf3 Bxf3 14. Nxf3 b4 15.
Ne4 Nbd7 16. Nxf6+ Bxf6 17. Rfc1 Nb6 18. Qc5 Qxc5 19. Rxc5 Rfd8 20. Rac1 Rac8
21. Kf1 Kf8 22. Ke2 Be7 23. Rxc8 Rxc8 24. Rxc8+ Nxc8 25. Kd3 f6 26. Nd2 Nb6 27.
Nc4 Nd5 28. Bd2 Ke8 29. g3 Kd7 30. Ne3 Kc6 31. f4 Nxe3 32. Bxe3 Kd5 33. Bd2 f5
34. b3 h6 35. h4 g6 36. Bc1 a5 37. Be3 Bf8 38. Bf2 Bg7 39. Bg1 Bf6 40. Be3 1/2-1/2

[Event "III Dolnoslaska Liga Szachowa 2017/2018"]
[Site "Dolny Slask"]
[Date "1899-12-30"]
[Round "2.26"]
[White "Daniel, Damian"]
[Black "Laszewicz, Pawel"]
[Result "1-0"]
[WhiteTitle "I++"]
[BlackTitle "k"]
[WhiteElo "2094"]
[BlackElo "2077"]

1. d4 Nf6 2. c4 e6 3. a3 d5 4. Nc3 c6 5. Bg5 dxc4 6. e4 b5 7. e5 h6 8. Bd2 Nd5
9. Ne4 a6 10. Nf3 Bb7 11. b3 cxb3 12. Qxb3 Nd7 13. Rc1 Qb6 14. Bd3 g5 15. h3 Be7
16. O-O Rg8 17. Rc2 O-O-O 18. Nd6+ Bxd6 19. exd6 g4 20. hxg4 Rxg4 21. Rfc1 Kb8
22. Bf1 Rdg8 23. a4 b4 24. g3 a5 25. Bh3 Rxd4 26. Nxd4 Qxd4 27. Bg2 c5 28. Qc4
Qxc4 29. Rxc4 Ne5 30. Rxc5 Nd3 31. Bxd5 Nxc5 32. Bxb7 Nxb7 33. d7 Rd8 34. Bf4+
Ka7 35. Rc8 Rxd7 36. Be3+ Nc5 37. Rxc5 Ka6 38. Rb5 Rb7 39. Rxb7 Kxb7 40. Kf1 Kc6
41. Ke2 h5 42. Kd3 f6 43. Kc4 e5 44. Bh6 f5 45. Bg5 Kd6 46. Bd8 f4 47. Bxa5 e4
48. Bxb4+ Ke6 49. Be1 1-0